Complete the Movie Title (1974) - Statistics

General Stats
  • This quiz has been taken 449 times
  • The average score is 16 of 25
Answer Stats
Hint Answer % Correct
The _____ Part II Godfather
94%
The Texas Chainsaw _____ Massacre
94%
The Nine Lives of Fritz the _____ Cat
90%
The Man with the Golden _____ Gun
89%
Blazing _____ Saddles
85%
Young _____ Frankenstein
81%
The Towering _____ Inferno
81%
Law and _____ Disorder
75%
_____ Gordon Flesh
75%
A _____Under the Influence Woman
71%
The Longest _____ Yard
68%
That’s _____! Entertainment
66%
The Front _____ Page
65%
The Sugarland _____ Express
64%
The Odessa _____ File
64%
_____ and Lightfoot Thunderbolt
64%
_____ 1975 Airport
55%
The _____ of Billy Jack Trial
55%
Black _____ Christmas
52%
The _____ View Parallax
50%
The Tamarind _____ Seed
50%
The _____ of Flatbush Lords
49%
The Four Musketeers: Milady's _____ Revenge
49%
The _____ Tube Groove
38%
California _____ Split
14%
No matching quizzes found
Score Distribution
Percent of People with Each Score
Percentile by Number Answered
Your Score History
You have not taken this quiz